000 00498nam a2200157Ia 4500
008 151213s9999 xx 000 0 und d
020 _a0-87207-276-2
100 _aBurden Dewries Past, Marilyn Scott
245 _aCelebrating Children's Choices
_cBurden Dewries Past, Marilyn Scott
260 _aNew York
_bInternational Reading Association
_c2009
300 _a6498 p.
650 _aEnglish Language
650 _aEnglish Language
700 _aBurden Dewries Past, Marilyn Scott
999 _c3588
_d3588